Squadre Siciliane state in Serie B - Statistics

Statistiche generali
  • Questo quiz è stato fatto 107 volte
  • Il punteggio medio è 5 su 7
Statistiche sulle risposte
Partecipazioni Squadra % Corretto
46 Palermo
100%
34 Catania
99%
32 Messina
99%
5 Trapani
94%
7 Siracusa
79%
2 Acireale
31%
2 Licata
28%
Nessun quiz corrispondente trovato
Distribuzione punteggi
Percentuale di utenti per punteggio
Percentile per numero di risposta
I tuoi punteggi nel tempo
Non hai fatto questo quiz